000 00575nam a2200169 i 4500
001 102142
003 ES-MaACL
005 20250902104344.0
007 t|
008 051104s1932 sp ||||1| spa d
110 2 _aSociedad Anónima Basconia (Bilbao)
_96632
245 1 0 _aMemoria que ha de leerse en la Junta General de Accionistas convocada para el día 30 de Mayo de 1932 /
_cCompañía Anónima "Basconia", Bilbao.
260 _aBilbao :
_b[s.n.],
_c1932 (
_fJesús Alvarez)
300 _a12 p. ;
_c21 cm.
852 _aES-MaACL
_j1757-F-6
999 _c102142
_d102142